000 00353pam a2200145 a 4500
020 _c
041 _h
082 _a658.14999999999998
_bJAC
100 _aJackson, A.S.
245 _aFinancial Management
_hTextual Documents
260 _aLondon
_bGeorge G. Harrap And Company Limited
300 _a204/PB
700 _aTownsend, E.C.
930 _a6665
999 _c113493
_d113493